000 00868naa a22002897a 4500
001 BR6700173
003 BR-BrBNA
005 20240918173310.0
007 ta
008 230509b bl.||||| |||| 00| 0 por d
040 _aBR-BrBNA
_bpor
_cBiblioteca Nacional de Agricultura
041 _a(Pt)
072 _aL30
_b1000
_b8959
_bG514
090 _aL30 BR6700173
100 1 _aHaines, C.E.
245 1 _aAlimentos disponiveis no Nordeste [Nutricao animal; Citrus; Fruta citrica; Farelo; Brasil]
260 3 _aRecife, PE (Brasil):
_c1967.
500 _aCurso rapido sobre nutricao Recife, PE (Brasil): 1967. p. 4-5 (BR6700173-AM)L30
650 _aNutricao animal
650 _aFruta citrica
650 _aPolpa
650 _aFarelo
650 _aIndustria alimenticia
650 _aNordeste
909 _a202404
_bLucia
_c55
_dLucia Elande
942 _cAM
_2AGRIS
999 _c303832
_d303832